000 00563nam a2200181Ia 4500
008 100920s9999 xx 000 0 und d
082 _b89297
_a491.462 थ 55
100 _aवकील व्यंकटेश शंकर.
245 _aजळतीं घरें.
260 _bसंतोष प्रकाशन,मुंबई.
_c1955
300 _a56
_bसाधी
365 _b0
520 _aनाटक.
630 _aजळतीं घरें.
650 _aनाटक.
730 _aजळतीं घरें.
942 _cBOOK
999 _c729795
_d729792